Statistics for 中国国家高速公路

Click here to take the quiz!

General Stats

  • This quiz has been taken 720 times
  • The average score is 16 of 42

Answer Stats

编号名称起点终点% Correct
G1京哈高速北京哈尔滨
90%
G2京沪高速北京上海
88%
G6京藏高速北京拉萨
79%
G3京台(京福)高速北京台北
76%
G7京新高速北京乌鲁木齐
73%
G4京港澳(京珠)高速北京香港/澳门
72%
G5京昆高速北京昆明
66%
G15沈海高速沈阳海口
62%
G30连霍高速连云港霍尔果斯
54%
G60沪昆高速上海昆明
53%
G55二广高速二连浩特广州
52%
G45大广高速大庆广州
51%
G42沪蓉高速上海成都
45%
G25长深高速长春深圳
42%
G50沪渝高速上海重庆
38%
G65包茂高速包头茂名
36%
G40沪陕高速上海西安
34%
G95首都环线北京北京
32%
G94珠三角环线深圳香港
31%
G56杭瑞高速杭州瑞丽
31%
G20青银高速青岛银川
30%
G98海南环线海口海口
29%
G75兰海高速兰州海口
28%
G18荣乌高速荣成乌海
28%
G93成渝环线成都成都
27%
G11鹤大高速鹤岗大连
26%
G10绥满高速绥芬河满洲里
26%
G36宁洛高速南京洛阳
25%
G35济广高速济南广州
24%
G92杭州湾环线上海上海
24%
G70福银高速福州银川
23%
G22青兰高速青岛兰州
22%
G76厦蓉高速厦门成都
22%
G59呼北高速呼和浩特北海
21%
G80广昆高速广州昆明
21%
G91辽中环线铁岭铁岭
21%
G85银昆高速银川昆明
19%
G69银百高速银川百色
19%
G16丹锡高速丹东锡林浩特
17%
G78汕昆高速汕头昆明
17%
G72泉南高速泉州南宁
17%
G12珲乌高速珲春乌兰浩特
16%

Score Distribution

Percentile by Number Answered

Percent of People with Each Score

Your Score History

You have not taken this quiz